Historia ya tafsiri za Kiswahili za Bibilia (Record no. 26735)

MARC details
000 -LEADER
fixed length control field 00681nam a2200157Ia 4500
008 - FIXED-LENGTH DATA ELEMENTS--GENERAL INFORMATION
fixed length control field 081213s9999 xx 000 0 und d
050 ## - LIBRARY OF CONGRESS CALL NUMBER
Classification number BS455
Item number .K35 1997
100 ## - MAIN ENTRY--PERSONAL NAME
Personal name Kalugila. L.
245 ## - TITLE STATEMENT
Title Historia ya tafsiri za Kiswahili za Bibilia
Statement of responsibility, etc Leonidas kalugulu
260 ## - PUBLICATION, DISTRIBUTION, ETC. (IMPRINT)
Date of publication, distribution, etc 1997
Place of publication, distribution, etc Nairobi
Name of publisher, distributor, etc Kenpack Manufactures &Printers Ltd
300 ## - PHYSICAL DESCRIPTION
Extent 52 p.;
Dimensions 22cm
650 ## - SUBJECT ADDED ENTRY--TOPICAL TERM
Source of heading or term Bible-kiswahili
Topical term or geographic name as entry element History
942 ## - ADDED ENTRY ELEMENTS (KOHA)
Item type Book
Source of classification or shelving scheme Library of Congress Classification
Holdings
Withdrawn status Lost status Source of classification or shelving scheme Damaged status Not for loan Home library Current library Shelving location Date acquired Total Checkouts Full call number Barcode Price effective from Koha item type Collection code Copy number
    Library of Congress Classification     Bishop Okullu Memorial Library (Limuru Campus) Bishop Okullu Memorial Library (Limuru Campus) General Circulation 15/12/2008   BS455.K55 1997 011745 15/12/2008 Book    
    Library of Congress Classification     Bishop Okullu Memorial Library (Limuru Campus) Bishop Okullu Memorial Library (Limuru Campus) General Circulation 08/10/2009   BS455 .K35 1997 011746 08/10/2009 Book Non-fiction 2